[Event "IECG TE.2002.P.01006 email"]
[Site "IECG email"]
[Date "2002.03.28"]
[Round "?"]
[White "Biglieri, Pablo Herman"]
[Black "Moeckel, Jean"]
[Result "0-1"]
[WhiteElo "888"]
[BlackElo "1430"]
[PlyCount "41"]
[EventDate "2002.03.28"]
[EventType "tourn (corr)"]
[EventRounds "12"]
[SourceTitle "Corr 2024"]
[Source "ChessBase"]
[SourceDate "2023.10.19"]
[SourceVersion "1"]
[SourceVersionDate "2023.10.19"]
[SourceQuality "1"]

1. e4 e5 2. Nf3 Nc6 3. Bb5 Bc5 4. 0-0 Nf6 5. d3 0-0 6. Nc3 Nd4 7. Nxe5 c6 8. Bc4 d5 9. exd5 cxd5 10. Bb3 Re8 11. Nf3 Bg4 12. Bg5 Qd6 13. Kh1 Rac8 14. Bxf6 Bxf3 15. gxf3 Qxf6 16. Bxd5 Rcd8 17. Bxb7 Bd6 18. Ne4 Qh4 19. Nxd6 Rxd6 20. Rg1 Rb8 21. Be4 0-1

[Event "IECG CN.2002.0.00287 email"]
[Site "IECG email"]
[Date "2002.03.15"]
[Round "?"]
[White "Arauz, Christopher"]
[Black "Biglieri, Pablo Herman"]
[Result "1-0"]
[WhiteElo "611"]
[BlackElo "888"]
[PlyCount "49"]
[EventDate "2002.03.15"]
[EventType "tourn (corr)"]
[EventRounds "6"]
[SourceTitle "Corr 2008"]
[Source "ChessBase"]
[SourceDate "2008.06.24"]
[SourceVersion "1"]
[SourceVersionDate "2008.06.24"]
[SourceQuality "1"]

1. e4 c5 2. Nf3 d6 3. d4 cxd4 4. Nxd4 Nf6 5. Be2 e5 6. Nb3 Nxe4 7. 0-0 Nc6 8. N1d2 Nf6 9. c4 Be7 10. Nf3 0-0 11. Bg5 Be6 12. Qc2 Qd7 13. Rad1 Bf5 14. Bd3 e4 15. Bxe4 Bxe4 16. Qc3 Qg4 17. Bxf6 Bxf6 18. Qe3 Ne5 19. Nbd2 Bxf3 20. Nxf3 Qf5 21. Nxe5 Bxe5 22. Rd5 Qf6 23. b3 Rfe8 24. Qd3 Re6 25. g3 1-0

[Event "IECG CN.2002.0.00287 email"]
[Site "IECG email"]
[Date "2002.03.15"]
[Round "?"]
[White "Biglieri, Pablo Herman"]
[Black "Jacquelin, Xavier"]
[Result "1/2-1/2"]
[WhiteElo "888"]
[BlackElo "630"]
[PlyCount "67"]
[EventDate "2002.03.15"]
[EventType "tourn (corr)"]
[EventRounds "6"]
[SourceTitle "Corr 2008"]
[Source "ChessBase"]
[SourceDate "2008.06.24"]
[SourceVersion "1"]
[SourceVersionDate "2008.06.24"]
[SourceQuality "1"]

1. d4 Nf6 2. c4 e6 3. Nc3 Bb4 4. e3 c5 5. Bd3 cxd4 6. exd4 d5 7. Nf3 dxc4 8. Bxc4 a6 9. 0-0 0-0 10. Qe2 b5 11. Bd3 Bb7 12. Bg5 Be7 13. Rfe1 Nc6 14. Qd2 Rc8 15. Rac1 Re8 16. Qe3 Nb4 17. Bxf6 Bxf6 18. Be4 Bxe4 19. Qxe4 Qd7 20. Kf1 Rc4 21. Red1 Rec8 22. Qe1 Qd8 23. a3 Nd5 24. Ne4 Rc2 25. Rxc2 Rxc2 26. Nxf6+ gxf6 27. Rd2 Rc4 28. Qe4 Qc7 29. g3 f5 30. Qd3 Nf6 31. Ne5 Rc1+ 32. Kg2 Ne4 33. Re2 f6 34. Nf3 1/2-1/2

[Event "IECG CN.2002.0.00287 email"]
[Site "IECG email"]
[Date "2002.03.15"]
[Round "?"]
[White "Ricci, Andrea"]
[Black "Biglieri, Pablo Herman"]
[Result "1-0"]
[WhiteElo "800"]
[BlackElo "888"]
[PlyCount "49"]
[EventDate "2002.03.15"]
[EventType "tourn (corr)"]
[EventRounds "6"]
[SourceTitle "Corr 2008"]
[Source "ChessBase"]
[SourceDate "2008.06.24"]
[SourceVersion "1"]
[SourceVersionDate "2008.06.24"]
[SourceQuality "1"]

1. d4 Nf6 2. c4 e6 3. g3 c5 4. Nf3 cxd4 5. Nxd4 d5 6. Nc3 Bb4 7. Qa4+ Nc6 8. Nxc6 Bxc3+ 9. bxc3 Qd7 10. cxd5 exd5 11. Bg2 Qxc6 12. Qxc6+ bxc6 13. c4 Ba6 14. cxd5 Nxd5 15. Ba3 Bc4 16. 0-0 Kd7 17. Rfd1 Bxe2 18. Rd2 Rhe8 19. Rc1 Rad8 20. f4 f5 21. Bb2 g6 22. Be5 Bg4 23. h3 Bh5 24. Rb2 Ne7 25. Re1 1-0

[Event "IECG TE.2001.P.00902 email"]
[Site "IECG email"]
[Date "2001.12.09"]
[Round "?"]
[White "Biglieri, Pablo Herman"]
[Black "Tucci, Aniello"]
[Result "1/2-1/2"]
[WhiteElo "847"]
[BlackElo "2347"]
[PlyCount "28"]
[EventDate "2001.12.09"]
[EventType "tourn (corr)"]
[EventRounds "8"]
[SourceTitle "Corr 2008"]
[Source "ChessBase"]
[SourceDate "2008.06.24"]
[SourceVersion "1"]
[SourceVersionDate "2008.06.24"]
[SourceQuality "1"]

1. d4 Nf6 2. c4 e5 3. dxe5 Ng4 4. Nf3 Bc5 5. e3 Nc6 6. Nc3 Ngxe5 7. Nxe5 Nxe5 8. Be2 0-0 9. 0-0 Re8 10. b3 a5 11. Bb2 b6 12. Na4 Bb7 13. Nxc5 bxc5 14. f4 Ng6 1/2-1/2

[Event "IECG TE.2001.P.00902 email"]
[Site "IECG email"]
[Date "2001.12.09"]
[Round "?"]
[White "Malmstroem, Jan"]
[Black "Biglieri, Pablo Herman"]
[Result "1-0"]
[WhiteElo "1898"]
[BlackElo "847"]
[PlyCount "37"]
[EventDate "2001.12.09"]
[EventType "tourn (corr)"]
[EventRounds "8"]
[SourceTitle "Corr 2008"]
[Source "ChessBase"]
[SourceDate "2008.06.24"]
[SourceVersion "1"]
[SourceVersionDate "2008.06.24"]
[SourceQuality "1"]

1. d4 Nf6 2. c4 e5 3. dxe5 Ng4 4. f4 Bc5 5. Nh3 Nc6 6. Nc3 0-0 7. e4 d6 8. exd6 Bxd6 9. Be2 Qh4+ 10. Kf1 g5 11. f5 Nxh2+ 12. Rxh2 Bxh2 13. Bxg5 Qg3 14. Bf4 Qxh3 15. gxh3 Bxf4 16. Nd5 Be5 17. Qd2 f6 18. Bh5 Rb8 19. Qh6 1-0

[Event "IECG TE.1999.P.00110 email"]
[Site "IECG email"]
[Date "1999.11.01"]
[Round "?"]
[White "Biglieri, Pablo Herman"]
[Black "Frey Beckman, Kenneth"]
[Result "0-1"]
[WhiteElo "800"]
[BlackElo "2383"]
[PlyCount "44"]
[EventDate "1999.11.01"]
[EventType "tourn (corr)"]
[EventRounds "8"]
[SourceTitle "Corr 2008"]
[Source "ChessBase"]
[SourceDate "2008.06.24"]
[SourceVersion "1"]
[SourceVersionDate "2008.06.24"]
[SourceQuality "1"]

1. d4 Nf6 2. c4 g6 3. Nc3 Bg7 4. e4 d6 5. f3 0-0 6. Be3 Nc6 7. Be2 e5 8. d5 Ne7 9. Qd2 Nh5 10. 0-0-0 f5 11. Bd3 fxe4 12. fxe4 Nf4 13. Bc2 a6 14. Rf1 b5 15. c5 b4 16. Bxf4 bxc3 17. Qxc3 exf4 18. Qc4 a5 19. Nf3 Ba6 20. Qa4 Qb8 21. b3 Bb5 22. Qd4 Bxd4 0-1

[Event "IECG TE.1999.P.00110 email"]
[Site "IECG email"]
[Date "1999.11.01"]
[Round "?"]
[White "Frey Beckman, Kenneth"]
[Black "Biglieri, Pablo Herman"]
[Result "1-0"]
[WhiteElo "2383"]
[BlackElo "800"]
[PlyCount "61"]
[EventDate "1999.11.01"]
[EventType "tourn (corr)"]
[EventRounds "8"]
[SourceTitle "Corr 2008"]
[Source "ChessBase"]
[SourceDate "2008.06.24"]
[SourceVersion "1"]
[SourceVersionDate "2008.06.24"]
[SourceQuality "1"]

1. d4 Nf6 2. c4 g6 3. Nc3 Bg7 4. e4 d6 5. f3 0-0 6. Be3 Nc6 7. Nge2 e5 8. d5 Na5 9. Nc1 Nxc4 10. Bxc4 a5 11. Nb5 Nh5 12. Qd2 f5 13. Bg5 Bf6 14. Bxf6 Nxf6 15. exf5 Bxf5 16. 0-0 Nd7 17. Ne2 Nb6 18. Bd3 Qe7 19. Bxf5 Rxf5 20. Rac1 Rf7 21. Nxc7 Raf8 22. Ng3 Rc8 23. Qxa5 Nd7 24. Ne6 Re8 25. Rc7 b6 26. Qa3 b5 27. Ne4 Qh4 28. Nxd6 b4 29. Qa7 e4 30. Nxf7 Nf8 31. Qd4 1-0